Presidential Medal of Freedom Recipients Quiz Stats

 Plays Quiz Updated Jan 20, 2017

Support Sporcle.
Go Orange.
Score 0/25 Timer 06:00
0 Plays Today
% Correct
Oprah Winfrey (2013)
98.4%
Mother Teresa (1985)
96.8%
Muhammad Ali (2005)
96.6%
George H. W. Bush (2011)
95.3%
Stephen Hawking (2009)
94.3%
Stevie Wonder (2014)
90.1%
Meryl Streep (2014)
89.3%
Rosa Parks (1996)
83.3%
Angela Merkel (2011)
81.1%
Tony Blair (2009)
80.8%
Pope John Paul II (2004)
80.7%
Walt Disney (1964)
79.8%
Aretha Franklin (2005)
74.8%
% Correct
Desmond Tutu (2009)
68.7%
Ben Carson (2008)
67.3%
Billie Jean King (2009)
67%
Sir Sidney Poitier (2009)
62.9%
John Glenn (2012)
62.7%
Madeleine Albright (2012)
62.5%
Charlton Heston (2003)
62.2%
B.B. King (2006)
59.4%
Warren Buffett (2011)
58.7%
Tom Brokaw (2014)
44.1%
Gloria Steinem (2013)
36.7%
John Swigert, Jim Lovell, and Fred W. Haise (1970)
35.2%

You're not logged in!

Compare scores with friends on all Sporcle quizzes.
OR
Log In
Forgot?

From the Vault

Before and After: Music

by SMcGrady

We can't help but wonder how these combined songs would do on the air.
Remove Ads.
Support Sporcle.
Get the best of Sporcle when you Go Orange. This ad-free experience offers more features, more stats, and more fun while also helping to support Sporcle. Thank you for becoming a member.

Show Comments

Extras

Top Quizzes Today


Score Distribution

Your Account Isn't Verified!

In order to create a playlist on Sporcle, you need to verify the email address you used during registration. Go to your Sporcle Settings to finish the process.

Report this User

Report this user for behavior that violates our Community Guidelines.

Details: